Does the Nominal Exchange Rate Regime Matter?
Salvato in:
| Natura: | Libro |
|---|---|
| Lingua: | inglese |
| Pubblicazione: |
Washington
International Monetary Fund
1995
|
| Edizione: | 1. ed. |
| Serie: | IMF Working Paper
121 |
| Soggetti: | |
| Tags: |
Nessun Tag, puoi essere il primo ad aggiungerne!!
|
MARC
| LEADER | 00000nam a2200000 4500 | ||
|---|---|---|---|
| 001 | c016121 | ||
| 005 | 20221205132858.0 | ||
| 041 | 0 | |a eng | |
| 044 | |a US | ||
| 245 | 1 | 0 | |a Does the Nominal Exchange Rate Regime Matter? |
| 250 | |a 1. ed. | ||
| 264 | 1 | |a Washington |b International Monetary Fund |c 1995 | |
| 300 | |a S.27-34 | ||
| 490 | 1 | |a IMF Working Paper |v 121 | |
| 830 | 0 | |a IMF Working Paper |v 121 | |
| 610 | 2 | 0 | |a kurz menový |
| 610 | 2 | 0 | |a kurz valutový |
| 610 | 2 | 0 | |a makroekonomika |
| 610 | 2 | 0 | |a inflácia |
| 610 | 2 | 0 | |a ukazovatele finančné |